| Tag |
First Indicator |
Second Indicator |
Subfields |
| LEADER |
00000cam a2200000Ii 4500 |
| 001 |
in00004359366 |
| 005 |
20220105170654.0 |
| 006 |
m o d |
| 007 |
cr cnu---unauu |
| 008 |
191024t20202020gau ob 001 0 eng d |
| 020 |
|
|
|a 9781951498290
|q (electronic bk.)
|
| 020 |
|
|
|a 1951498291
|q (electronic bk.)
|
| 020 |
|
|
|a 9781951498306
|q (electronic bk.)
|
| 020 |
|
|
|a 1951498305
|q (electronic bk.)
|
| 020 |
|
|
|z 9781946527851
|
| 020 |
|
|
|z 9781951498306
|
| 035 |
|
|
|a (OCoLC)on1149586643
|
| 035 |
|
|
|a (OCoLC)1149586643
|
| 037 |
|
|
|a 22573/ctvzpc12f
|b JSTOR
|
| 040 |
|
|
|a P@U
|b eng
|e pn
|c P@U
|d OCLCO
|d JSTOR
|d RBN
|d OCLCF
|d K6U
|d VLB
|d OCLCO
|d OCLCQ
|d OCLCO
|d UtOrBLW
|
| 049 |
|
|
|a TXAM
|
| 050 |
|
4 |
|a BM506.M19
|
| 082 |
0 |
4 |
|a 296.1/23
|2 23
|
| 100 |
1 |
|
|a Jaffee, Martin S.,
|e author.
|0 http://id.loc.gov/authorities/names/n80154023
|
| 245 |
1 |
0 |
|a Mishnah's theology of tithing :
|b a study of tractate Maaserot /
|c Martin S. Jaffee ; Michael L. Satlow, managing editor.
|
| 250 |
|
|
|a Second edition.
|
| 264 |
|
1 |
|a Chico [California] :
|b Scholars Press,
|c 2020.
|
| 264 |
|
4 |
|c ©2020
|
| 300 |
|
|
|a 1 online resource (245 pages)
|
| 336 |
|
|
|a text
|b txt
|2 rdacontent
|
| 337 |
|
|
|a computer
|b c
|2 rdamedia
|
| 338 |
|
|
|a online resource
|b cr
|2 rdacarrier
|
| 490 |
1 |
|
|a Brown Judaic studies ;
|v 19
|
| 520 |
|
|
|a "This study is a translation and exegesis of Mishnah ' s Tractate Maaserot (Tithes) and its corresponding tractate of Tosefta . The goal of the volume is to understand the laws of Maaserot as the tractate 's creator(s) intended them to be understood."--Provided by publisher
|
| 500 |
|
|
|a Edition statement from online full metadata page.
|
| 500 |
|
|
|a "This edition incorporates typographical corrections of the original text."--Publishers' preface
|
| 500 |
|
|
|a "Open access edition funded by the National Endowment for the Humanities/Andrew W. Mellon Foundation Humanities Open Book Program."--Title page verso.
|
| 500 |
|
|
|a "Licensed under a Creative Commons Attribution-NonCommercial-No Derivatives 4.0 International License."--Title page verso.
|
| 504 |
|
|
|a Includes bibliographical references and index.
|
| 588 |
0 |
|
|a Online resource; title from digital title page (viewed on June 01, 2020).
|
| 500 |
|
|
|a Electronic resource.
|
| 630 |
0 |
0 |
|a Mishnah.
|p Maʻaserot
|v Commentaries.
|
| 630 |
0 |
0 |
|a Tosefta.
|p Maʻaserot
|v Commentaries.
|
| 630 |
0 |
7 |
|a Mishnah.
|p Maʻaserot.
|2 fast
|0 (OCoLC)fst01365060
|
| 650 |
|
0 |
|a Tithes (Jewish law)
|0 http://id.loc.gov/authorities/subjects/sh85135649
|
| 650 |
|
7 |
|a Tithes (Jewish law)
|2 fast
|0 (OCoLC)fst01151624
|
| 655 |
|
7 |
|a Electronic books.
|2 local
|
| 655 |
|
7 |
|a e-books.
|2 aat
|
| 655 |
|
7 |
|a Commentaries.
|2 fast
|0 (OCoLC)fst01423723
|
| 700 |
1 |
|
|a Satlow, Michael L.,
|e editorial director.
|0 http://id.loc.gov/authorities/names/n95081896
|
| 710 |
2 |
|
|a JSTOR (Organization)
|0 http://id.loc.gov/authorities/names/no97001983
|
| 710 |
2 |
|
|a National Endowment for the Humanities,
|e sponsoring body.
|0 http://id.loc.gov/authorities/names/n79126931
|
| 710 |
2 |
|
|a Andrew W. Mellon Foundation,
|e sponsoring body.
|0 http://id.loc.gov/authorities/names/n50054057
|
| 776 |
0 |
8 |
|i Print version:
|a Jaffee, Martin S.
|t Mishnah's theology of tithing.
|d Chico, California : Scholars Press, 1980
|z 9780891304586
|w (OCoLC)7178259
|
| 830 |
|
0 |
|a Brown Judaic studies ;
|v no. 19.
|0 http://id.loc.gov/authorities/names/n42005292
|
| 856 |
4 |
0 |
|u https://www.jstor.org/stable/10.2307/j.ctvzpv4sq
|z Connect to the full text of this electronic book
|t 0
|
| 955 |
|
|
|a JSTOR Open Access ebooks
|
| 994 |
|
|
|a 92
|b TXA
|
| 999 |
f |
f |
|s 8d5070c0-0578-37db-9855-fc0f6bc136c5
|i cd3b661f-3893-333f-a94f-fff6f0089a1d
|t 0
|
| 952 |
f |
f |
|a Texas A&M University
|b College Station
|c Electronic Resources
|d Available Online
|t 0
|e BM506.M19
|h Library of Congress classification
|
| 998 |
f |
f |
|a BM506.M19
|t 0
|l Available Online
|